000 00778nam a22002417a 4500
001 12349
003 HDC
007 cr bn ---
008 210209 my |0 eneng
040 _aHDC
245 0 _aAnimal Health and Welfare Strategy for Great Britain
260 _aUnited Kingdom:
_bDefra Publications,
_c2004
300 _a169 pages
336 _atext
_2rdacontent
337 _acomputer
_2rdamedia
338 _aonline resource
_2rdacarrier
650 _aAnimal industry
_97120
650 _awelfares strategy
_912938
856 _zRequest full-text at [email protected]
942 _2lcc
942 _cEBOOK
942 _kEBOK 001937
999 _c9672
_d9672